00466nam a2200121Ia 4500082001900000245012400019260003400143300001500177504003200192650005400224650004700278700001900325 aRR 068.54 LEA- 0aLearned societies and institutions in India: activities and publications including over 4,000 research oriented titiles aNew DelhibMetropolitanc1969 axvi, 459p. aIncludes indexes /Ref. book aLearned institutions and societies - Bibliography aLearned institutions and societies - India aMohinder Singh